Undang-undang keterangan Islam

Bibliographic Details
Main Author: Mahmud Saedon A.Othaman
Format: Book
Published: Kuala Lumpur : DBP , 1990
Subjects:

MARC

LEADER 00000cam a2200000 7i4500
001 0000004169
002 000004484
005 20000330.0
020 |a 9836215379 
090 0 0 |a 340.59   |b MAH 
100 0 |a Mahmud Saedon A.Othaman   |f Dr 
245 1 0 |a Undang-undang keterangan Islam   |c Dr.Mahmud Saedon A.Othman 
260 |a Kuala Lumpur :   |b DBP ,   |c 1990 
300 |a 221p. ;   |c 22cm. 
650 0 0 |a Islamic law 
999 |a 027706   |b BUKU   |c PINJAMAN   |e PERPUSTAKAAN KOMUNITI PETALING JAYA 
999 |a 033463   |b BUKU   |c PINJAMAN   |e PERPUSTAKAAN KOMUNITI PETALING JAYA 
999 |a 037483   |b BUKU   |c PINJAMAN   |e PERPUSTAKAAN KOMUNITI PETALING JAYA